| 000 | 01126nam a2200301Ia 4500 | ||
|---|---|---|---|
| 001 | ebr10307548 | ||
| 003 | CaPaEBR | ||
| 006 | m u | ||
| 007 | cr cn||||||||| | ||
| 008 | 080822s2009 inua s 001 0 eng d | ||
| 010 | _z 2008037282 | ||
| 020 | _z9780470385494 (978-0-470-38549-4) | ||
| 040 |
_aCaPaEBR _cCaPaEBR |
||
| 035 | _a(OCoLC)429481778 | ||
| 050 | 1 | 4 |
_aQA76.9.D26 _bS97 2009eb |
| 100 | 1 |
_aStephens, Rod, _d1961- |
|
| 245 | 1 | 0 |
_aBeginning database design solutions _h[electronic resource] / _cRod Stephens. |
| 260 |
_aIndianapolis, IN : _bWiley Pub., _c2009. |
||
| 300 |
_axxii, 510 p. : _bill. |
||
| 490 | 0 | _aWrox programmer to programmer | |
| 500 | _aIncludes index. | ||
| 533 |
_aElectronic reproduction. _bPalo Alto, Calif. : _cebrary, _d2013. _nAvailable via World Wide Web. _nAccess may be limited to ebrary affiliated libraries. |
||
| 650 | 0 | _aDatabase design. | |
| 650 | 0 | _aDatabases. | |
| 655 | 7 |
_aElectronic books. _2local |
|
| 710 | 2 | _aebrary, Inc. | |
| 856 | 4 | 0 |
_uhttp://site.ebrary.com/lib/rucke/Doc?id=10307548 _zAn electronic book accessible through the World Wide Web; click to view |
| 999 |
_c61172 _d61172 |
||